Grundsäzze des landwirthschaftlichen Maschinenwesens : allgemein faßlich dargestellt und durch zwanzig Kupfertafeln erläutert. bearbeitet von Martin Heinrich Schilling zu Dreyßigacker Erster Theil

Bibliographic Details
Main Authors: Williamson, Thomas (Author, Author of introduction, etc.), Schilling, Martin Heinrich, narodený 1788 (Author)
Corporate Author: Baumgärtnerische Buchhandlung (Printer)
Format: Book
Language:German
PhysicalDescription:XVIII, 193 strán, 5 nečíslovaných strán 8° 21 x 13 cm
Subjects:

MARC

LEADER 00000nam a2200000 4500
001 vtls012252212
003 SK-MaSNL
005 20260302074047.0
008 251112s1823 gw f 000 0 ger
015 |a SNBHFA 
040 |a SNKHF  |b slo  |c SNKHF  |e rda 
041 0 |a ger 
044 |a gw  |c DE 
072 7 |a 63  |x Poľnohospodárstvo a príbuzné oblasti vedy a techniky  |2 konspekt 
080 |a 631  |2 2011 
080 |a 631.3  |2 2011 
100 1 |a Williamson, Thomas  |4 aut  |4 aui  |9 739225 
245 1 0 |a Grundsäzze des landwirthschaftlichen Maschinenwesens : allgemein faßlich dargestellt und durch zwanzig Kupfertafeln erläutert. bearbeitet von Martin Heinrich Schilling zu Dreyßigacker  |n Erster Theil  |c Nach dem Englischen des Capitain Thomas Williamson, Ehrenmitglieds der Rath=und Westenglischen Societät 
264 3 |a Leipzig  |b Jn der Baumgärtnerschen Buchhandlung  |c 1823 
300 |a XVIII, 193 strán, 5 nečíslovaných strán  |c 8°  |c 21 x 13 cm 
336 |a text  |b txt  |2 rdacontent 
337 |a bez média  |b n  |2 rdamedia 
338 |a zväzok  |b nc  |2 rdacarrier 
500 |a Vinety, signety, ozdobné iniciálky 
501 |a Príväzok 1.: WILLIAMSON, Thomas. Grundsäzze des landwirthschaftlichen Maschinenwesens. Zweiter Theil. Leipzig: Jn der Baumgärtnerschen Buchhandlung, 1823. 8°.  |5 SNK IC 146246/1-2/prív.1 
504 |a Poznámky pod čiarou 
510 4 |a OCLC 833366217 
546 |a Nemčina  |b Fraktúra 
561 |a Proveniencia: pečiatka: Dr. E. Kadarász- ver. not. Poz. Margity Zayovej.  |5 SNK IC 146246/1-2 
563 |a Väzba: papierová.  |5 SNK IC 146246/1-2 
650 0 7 |a poľnohospodárstvo  |2 SNKPH  |9 679 
650 0 7 |a poľnohospodárske stroje  |2 SNKPH  |9 3574 
700 1 |a Zaiová, Margita,  |d 1868-1937  |4 fmo  |9 186369 
700 1 |a Kadarász, Ernest  |4 oth  |9 302455 
700 1 |a Schilling, Martin Heinrich,  |d narodený 1788  |4 aut  |9 237231 
710 2 |a Baumgärtnerische Buchhandlung  |4 prt  |9 183680 
752 |a Nemecko  |d Lipsko 
852 |a snk  |b Zaiova knižnica  |p IC 146246/1-2 
958 |a DF 
958 |a ONDV 
999 |c 1163499  |d 1165429 
952 |t Zay 7348; Z 8681  |a SNK  |b SNK  |c SNK_HF  |y PREZ  |7 0  |p 17A1400605  |o snkIC 146246/1-2  |i snk2024/3912  |8 5  |0 0  |1 0  |4 0  |d 2024-03-07  |l 0  |r 2026-02-24 20:40:33  |w 2026-02-24